000 00293nam a22001337a 4500
008 170608b xxu||||| |||| 00| 0 eng d
020 _a9780691007458
041 _aeng
080 _a94(7/8)
100 _a18
101 _aSHH
245 _aTALKING TO STRANGERS
_cSTEARNS,M
942 _2udc
_cBK
999 _c16559
_d16559